000 00920nac a22003017a 4500
001 BR6002244
003 BR-BrBNA
005 20240105113032.0
008 230509b bl.|||m| |||| 00| 0 por d
040 _aBR-BrBNA
_bpor
_cBiblioteca Nacional de Agricultura
072 _aH20; H10
090 _a1660 BR6002244
100 1 _aRego, C.V.
100 1 _aGomes, J.G.
100 1 _aAlvim, G.B.
110 1 _aServico de Informacao Agricola, Rio de Janeiro, GB (Brasil)
245 1 _aDoencas e pragas das plantas de horta. Familias das compostas [Alface; Chicoria cardo; Salsives]
_bFasciculo 2
250 1 _a2. ed.
260 3 _aRio de Janeiro, GB (Brasil):
_c1950.
300 _a21 p.
490 _aSIA (Brazil)
_vno. 166
_x
650 _aDoenca de planta
650 _aPraga de planta
650 _aAlface
650 _aChicoria
909 _a202312
_bLúcia Elande
_c55
_dLúcia Elande
942 _2AGRIS
_n0
_cMS
999 _c261524
_d261524